El universo de la matemática: guía del profesor: matemática segundo año educación básica

Guardat en:
Dades bibliogràfiques
Autor principal: Quiroz Wuth, Jorge (Autor)
Format: Llibre
Idioma:espanyol
Publicat: Santiago Salesiana 1992
Edició:3a. ed
Matèries:
Etiquetes: Afegir etiqueta
Sense etiquetes, Sigues el primer a etiquetar aquest registre!

MARC

LEADER 00000nam a2200000 a 4500
001 UCZ0458
003 CL-VaPUC
008 950728e19920000CL |||||||||||||||||spa|d
082 0 4 |a 372.7  |b QUI  |2 21 
100 0 |a Quiroz Wuth, Jorge  |e author  |9 343310 
245 1 3 |a El universo de la matemática: guía del profesor: matemática segundo año educación básica 
250 |a 3a. ed 
300 |a 18 p 
942 |c BK 
945 |d 19950728 00:00:00  |a mfernand 
260 |a Santiago  |b Salesiana  |c 1992 
650 0 |a Matemática  |9 260235 
650 0 |a Libros de texto  |9 270019 
583 |a last modification  |c 19950728 00:00:00  |k Rodrigo Vera 
999 |c 237387  |d 237385 
952 |0 0  |1 0  |4 0  |6 372_700000000000000_QUI_1992  |7 0  |8 P  |9 246416  |a BIBEDU  |b BIBEDU  |c BIBEDU_PB  |d 2019-11-18  |i 1549006  |o 372.7 QUI 1992  |p 1549006  |r 2024-01-25  |w 2019-11-18  |y BK  |k EDU